[Event "17. Obert Int. Sant Marti 2015"]
[Site "Barcelona ESP"]
[Date "2015.07.14"]
[Round "2.11"]
[White "Garcia Blanco, Omar"]
[Black "Oliva Castaneda, Kevel"]
[Result "1/2-1/2"]
[WhiteElo "2292"]
[BlackElo "2488"]
[PlyCount "150"]
[EventDate "2015.07.13"]
[EventType "swiss"]
[EventRounds "9"]
[EventCountry "ESP"]
[SourceTitle "Ajedrez en Madrid"]
[Source "lmi"]
[SourceDate "2013.07.13"]
[SourceVersion "1"]
[SourceVersionDate "2019.06.24"]
[SourceQuality "1"]

1. e4 e6 2. d4 d5 3. Nd2 Nf6 4. Bd3 c5 5. e5 Nfd7 6. c3 Nc6 7. Ne2 cxd4 8. cxd4
f6 9. exf6 Nxf6 10. O-O Bd6 11. Nf3 Qc7 12. Nc3 a6 13. h3 O-O 14. Be3 Bd7 15.
Rc1 Be8 16. Ng5 Qe7 17. f4 h6 18. Nf3 Nh5 19. Ne5 Ng3 20. Rf2 Nf5 21. Bxf5 Rxf5
22. g4 Rf8 23. Qd3 Bxe5 24. fxe5 Rxf2 25. Kxf2 Qb4 26. Kg3 Rc8 27. a3 Qxb2 28.
Na4 Qb5 29. Qxb5 axb5 30. Nb6 Rc7 31. Rc5 Kf8 32. h4 Ke7 33. Rxb5 Nxd4 34. Rxd5
Rc3 35. Rxd4 Rxe3+ 36. Kf4 Rxa3 37. Nc8+ Kf7 38. Nd6+ Kf8 39. Nxe8 Kxe8 40. Rb4
Ra7 41. g5 Kf7 42. gxh6 gxh6 43. h5 Ke7 44. Rb6 Ra4+ 45. Kf3 Rh4 46. Rxb7+ Kd8
47. Rh7 Rxh5 48. Kg4 Rh1 49. Kf4 Ke8 50. Kg4 Kf8 51. Kf4 Rh5 52. Ke4 Rh4+ 53.
Ke3 Ke8 54. Kf3 Rh1 55. Kf4 Rh4+ 56. Ke3 Rh5 57. Ke4 Kf8 58. Kd4 Rh1 59. Ke4
Re1+ 60. Kf4 Rf1+ 61. Ke4 Rh1 62. Kf4 Rh4+ 63. Ke3 h5 64. Kf3 Ke8 65. Ke3 Rh1
66. Kf4 Rf1+ 67. Ke4 Rh1 68. Kf4 h4 69. Kg4 Rg1+ 70. Kf4 Rf1+ 71. Ke4 Rh1 72.
Kf4 h3 73. Kg3 Rd1 74. Rxh3 Kd7 75. Rh6 Rf1 1/2-1/2

[Event "17. Obert Int. Sant Marti 2015"]
[Site "Barcelona ESP"]
[Date "2015.07.14"]
[Round "2.12"]
[White "Diermair, Andreas"]
[Black "Forsa, Espen"]
[Result "1-0"]
[WhiteElo "2485"]
[BlackElo "2304"]
[PlyCount "101"]
[EventDate "2015.07.13"]
[EventType "swiss"]
[EventRounds "9"]
[EventCountry "ESP"]
[SourceTitle "Ajedrez en Madrid"]
[Source "lmi"]
[SourceDate "2013.07.13"]
[SourceVersion "1"]
[SourceVersionDate "2019.06.24"]
[SourceQuality "1"]

1. g3 c5 2. Bg2 g6 3. c4 Bg7 4. Nf3 Nc6 5. Nc3 e6 6. d3 Nge7 7. Bg5 h6 8. Bd2
b6 9. a3 d5 10. Rb1 Bb7 11. O-O Rc8 12. b4 cxb4 13. axb4 dxc4 14. dxc4 O-O 15.
Qc1 Nd4 16. Nxd4 Bxg2 17. Nxe6 fxe6 18. Kxg2 Rxc4 19. Qe1 Qd4 20. Rc1 Rxb4 21.
f3 Rb2 22. Ne4 Nd5 23. Rf2 Qa4 24. Ra1 Qd7 25. Ra3 a5 26. Rd3 Qc6 27. Rf1 b5
28. Qf2 Rc2 29. Rb1 b4 30. h4 Rb8 31. h5 gxh5 32. g4 hxg4 33. Qh4 Rxd2 34. Rxd2
a4 35. Kh1 b3 36. Qxg4 Rb7 37. Nc5 Rb4 38. e4 Nf6 39. Qg6 Qe8 40. Qxe8+ Nxe8
41. Rd8 Kf7 42. Rd7+ Kg6 43. Rg1+ Kf6 44. e5+ Kf5 45. Rf7+ Kxe5 46. Nd3+ Kd4
47. Nxb4 a3 48. Re7 Bf8 49. Nc6+ Kd5 50. Rxe8 b2 51. Rxf8 1-0

[Event "17. Obert Int. Sant Marti 2015"]
[Site "Barcelona ESP"]
[Date "2015.07.14"]
[Round "2.13"]
[White "Piasetski, Leon"]
[Black "Ducarmon, Quinten"]
[Result "1/2-1/2"]
[WhiteElo "2289"]
[BlackElo "2475"]
[PlyCount "65"]
[EventDate "2015.07.13"]
[EventType "swiss"]
[EventRounds "9"]
[EventCountry "ESP"]
[SourceTitle "Ajedrez en Madrid"]
[Source "lmi"]
[SourceDate "2013.07.13"]
[SourceVersion "1"]
[SourceVersionDate "2019.06.24"]
[SourceQuality "1"]

1. Nf3 Nf6 2. c4 b6 3. g3 Bb7 4. Bg2 g6 5. O-O Bg7 6. d4 O-O 7. Nc3 Ne4 8. Qc2
Nxc3 9. Qxc3 c5 10. Be3 d6 11. Qd2 Nd7 12. Rfd1 Nf6 13. Bh6 Qd7 14. Bxg7 Kxg7
15. Qe3 Rfd8 16. b3 Be4 17. Rd2 Qb7 18. Rad1 a6 19. Ne1 Bxg2 20. Nxg2 Rac8 21.
Nf4 Qe4 22. Qc3 cxd4 23. Rxd4 Qf5 24. Nd5 e5 25. R4d3 b5 26. Qa5 Nxd5 27. Rxd5
bxc4 28. bxc4 Qc2 29. e3 Qxc4 30. Rxd6 Rxd6 31. Rxd6 Qe4 32. Rd1 Rc6 33. Qd5
1/2-1/2

[Event "17. Obert Int. Sant Marti 2015"]
[Site "Barcelona ESP"]
[Date "2015.07.14"]
[Round "2.14"]
[White "Harutyunian, Tigran K."]
[Black "Vittorino, Carlo Giovanni"]
[Result "1-0"]
[WhiteElo "2472"]
[BlackElo "2301"]
[PlyCount "63"]
[EventDate "2015.07.13"]
[EventType "swiss"]
[EventRounds "9"]
[EventCountry "ESP"]
[SourceTitle "Ajedrez en Madrid"]
[Source "lmi"]
[SourceDate "2013.07.13"]
[SourceVersion "1"]
[SourceVersionDate "2019.06.24"]
[SourceQuality "1"]

1. c4 c5 2. Nc3 Nf6 3. g3 e6 4. Nf3 b6 5. Bg2 Bb7 6. O-O Be7 7. Re1 Ne4 8. Nxe4
Bxe4 9. d3 Bb7 10. e4 O-O 11. d4 d6 12. d5 exd5 13. cxd5 Nd7 14. Bf4 g5 15. Bd2
Bf6 16. Nxg5 Bxg5 17. Qg4 h6 18. f4 Nf6 19. Qd1 Nxe4 20. Bxe4 Bf6 21. Qg4+ Bg7
22. Bc3 f6 23. Qe6+ Rf7 24. Bg6 Qd7 25. Bxf7+ Qxf7 26. Qxd6 Qxd5 27. Qxd5+ Bxd5
28. b3 Bf3 29. Kf2 Bg4 30. Re7 b5 31. Rae1 a5 32. Re8+ 1-0

[Event "17. Obert Int. Sant Marti 2015"]
[Site "Barcelona ESP"]
[Date "2015.07.14"]
[Round "2.15"]
[White "Fernandez Diaz, Cristian"]
[Black "Pardo Simon, David"]
[Result "0-1"]
[WhiteElo "2272"]
[BlackElo "2468"]
[PlyCount "38"]
[EventDate "2015.07.13"]
[EventType "swiss"]
[EventRounds "9"]
[EventCountry "ESP"]
[SourceTitle "Ajedrez en Madrid"]
[Source "lmi"]
[SourceDate "2013.07.13"]
[SourceVersion "1"]
[SourceVersionDate "2019.06.24"]
[SourceQuality "1"]

1. d4 d5 2. c4 e6 3. Nc3 c6 4. e4 dxe4 5. Nxe4 Bb4+ 6. Bd2 Qxd4 7. Bxb4 Qxe4+
8. Be2 Na6 9. Bf8 Qg6 10. Qd6 Bd7 11. O-O-O O-O-O 12. Nf3 Nh6 13. Bd3 Qxg2 14.
Ne5 Rhxf8 15. Nxd7 Rfe8 16. Bc2 Qg5+ 17. Rd2 Qe7 18. Rhd1 Qxd6 19. Rxd6 Kc7 0-1

[Event "17. Obert Int. Sant Marti 2015"]
[Site "Barcelona ESP"]
[Date "2015.07.14"]
[Round "2.16"]
[White "Kanmazalp, Ogulcan"]
[Black "Nabuurs, Joep"]
[Result "1-0"]
[WhiteElo "2468"]
[BlackElo "2293"]
[PlyCount "95"]
[EventDate "2015.07.13"]
[EventType "swiss"]
[EventRounds "9"]
[EventCountry "ESP"]
[SourceTitle "Ajedrez en Madrid"]
[Source "lmi"]
[SourceDate "2013.07.13"]
[SourceVersion "1"]
[SourceVersionDate "2019.06.24"]
[SourceQuality "1"]

1. e4 e5 2. Nf3 Nc6 3. Bb5 a6 4. Ba4 Nf6 5. O-O b5 6. Bb3 Be7 7. d4 d6 8. c3
Bg4 9. Be3 O-O 10. Nbd2 Re8 11. d5 Na5 12. Bc2 c6 13. b4 Nc4 14. Nxc4 bxc4 15.
dxc6 Qc7 16. h3 Bxf3 17. Qxf3 Qxc6 18. a4 a5 19. Rab1 Bd8 20. Rfd1 Bb6 21. Bxb6
Qxb6 22. bxa5 Qc7 23. Rb6 Red8 24. Rdb1 Rxa5 25. Rb7 Qc5 26. R1b4 Rc8 27. g4 h6
28. h4 Rf8 29. Qe2 Qc8 30. g5 hxg5 31. hxg5 Nh7 32. g6 fxg6 33. Qxc4+ Kh8 34.
Qxc8 Rxc8 35. Rb8 Ra8 36. Rxc8+ Rxc8 37. a5 Ra8 38. a6 Ng5 39. Rb6 Ne6 40. Bb3
Nc5 41. Bc4 Ra7 42. f3 Na4 43. Rb7 Ra8 44. a7 Kh7 45. Bd5 Nxc3 46. Bc6 Ne2+ 47.
Kf2 Nd4 48. Bd5 1-0

[Event "17. Obert Int. Sant Marti 2015"]
[Site "Barcelona ESP"]
[Date "2015.07.14"]
[Round "2.17"]
[White "Thejkumar, M. S.."]
[Black "Roy, Prantik"]
[Result "0-1"]
[WhiteElo "2467"]
[BlackElo "2292"]
[PlyCount "94"]
[EventDate "2015.07.13"]
[EventType "swiss"]
[EventRounds "9"]
[EventCountry "ESP"]
[SourceTitle "Ajedrez en Madrid"]
[Source "lmi"]
[SourceDate "2013.07.13"]
[SourceVersion "1"]
[SourceVersionDate "2019.06.24"]
[SourceQuality "1"]

1. d4 d5 2. c4 e6 3. Nc3 Be7 4. Bf4 Nf6 5. a3 O-O 6. e3 c5 7. dxc5 Bxc5 8. Nf3
a6 9. Qc2 Qa5 10. Nd2 Bb4 11. Be5 Nbd7 12. Nb3 Bxc3+ 13. Bxc3 Qa4 14. cxd5 Nc5
15. Bxf6 Nxb3 16. Bc4 Qa5+ 17. Bc3 Nxa1 18. Qe4 Qa4 19. O-O b5 20. dxe6 Qxc4
21. Qxa8 Bxe6 22. Qxa6 Nb3 23. Qd6 Nc5 24. f3 Na4 25. Bd4 Qb3 26. h4 f6 27. Rc1
Bc4 28. e4 Qd3 29. e5 Qd2 30. Ra1 Qf4 31. Re1 Qxh4 32. Re4 Qg3 33. Rg4 Qe1+ 34.
Kh2 f5 35. Rg3 f4 36. Rg4 h5 37. Rxg7+ Kxg7 38. e6+ Kg8 39. e7 Qg3+ 40. Kg1 Re8
41. Qf6 Qe1+ 42. Kh2 Rxe7 43. Qg5+ Kf7 44. Qxf4+ Ke6 45. Be3 Qb1 46. Qh6+ Kd7
47. Bg5 Rf7 0-1

[Event "17. Obert Int. Sant Marti 2015"]
[Site "Barcelona ESP"]
[Date "2015.07.14"]
[Round "2.18"]
[White "Deshpande, Aniruddha"]
[Black "Narayanan, Srinath"]
[Result "1/2-1/2"]
[WhiteElo "2268"]
[BlackElo "2464"]
[PlyCount "94"]
[EventDate "2015.07.13"]
[EventType "swiss"]
[EventRounds "9"]
[EventCountry "ESP"]
[SourceTitle "Ajedrez en Madrid"]
[Source "lmi"]
[SourceDate "2013.07.13"]
[SourceVersion "1"]
[SourceVersionDate "2019.06.24"]
[SourceQuality "1"]

1. e4 c5 2. c3 Nf6 3. e5 Nd5 4. d4 cxd4 5. Nf3 e6 6. cxd4 d6 7. Bc4 Nc6 8. O-O
Be7 9. Qe2 O-O 10. Nc3 Nxc3 11. bxc3 dxe5 12. dxe5 Qc7 13. Re1 Rd8 14. Bd3 b6
15. Bg5 Bb7 16. h4 g6 17. Rad1 Rd5 18. Be4 Rc5 19. Qe3 Bxg5 20. hxg5 Ne7 21.
Bxb7 Qxb7 22. Nh2 Nd5 23. Rxd5 exd5 24. Ng4 Qc8 25. Qh3 Qe6 26. Nf6+ Kf8 27.
Qxe6 fxe6 28. Nd7+ Ke7 29. Nxc5 bxc5 30. Rb1 Rd8 31. Rb5 d4 32. cxd4 cxd4 33.
Kf1 Kd7 34. Rc5 Rb8 35. Rc4 Rb1+ 36. Ke2 Rb2+ 37. Kf3 Rxa2 38. Rxd4+ Ke8 39.
Rh4 Ra3+ 40. Kg4 Ra2 41. Kg3 a5 42. Rxh7 Kf8 43. Ra7 a4 44. Ra6 Kf7 45. Ra7+
Kf8 46. f4 a3 47. Ra8+ Kf7 1/2-1/2

[Event "17. Obert Int. Sant Marti 2015"]
[Site "Barcelona ESP"]
[Date "2015.07.14"]
[Round "2.19"]
[White "Cruz, Jonathan"]
[Black "Mateus, Alejandro"]
[Result "1/2-1/2"]
[WhiteElo "2453"]
[BlackElo "2283"]
[PlyCount "60"]
[EventDate "2015.07.13"]
[EventType "swiss"]
[EventRounds "9"]
[EventCountry "ESP"]
[SourceTitle "Ajedrez en Madrid"]
[Source "lmi"]
[SourceDate "2013.07.13"]
[SourceVersion "1"]
[SourceVersionDate "2019.06.24"]
[SourceQuality "1"]

1. d4 d5 2. c4 c6 3. Nf3 Nf6 4. Nc3 e6 5. Bg5 dxc4 6. e4 b5 7. e5 h6 8. Bh4 g5
9. exf6 gxh4 10. Ne5 Qxf6 11. a4 Bb7 12. Be2 c5 13. Nxb5 Na6 14. O-O Rg8 15.
Bf3 Bxf3 16. Nxf3 cxd4 17. Rc1 Rd8 18. Rxc4 Bc5 19. Nfxd4 h3 20. g3 Qe5 21. b3
Qe4 22. Qf3 Rg4 23. Nc7+ Nxc7 24. Rxc5 Rxd4 25. Qxe4 Rgxe4 26. Rxc7 Rd7 27.
Rc8+ Rd8 28. Rc5 Rd5 29. Rc8+ Rd8 30. Rc5 Rd5 1/2-1/2

[Event "17. Obert Int. Sant Marti 2015"]
[Site "Barcelona ESP"]
[Date "2015.07.14"]
[Round "2.20"]
[White "Ossa, Orlando"]
[Black "Swapnil, S. Dhopade"]
[Result "0-1"]
[WhiteElo "2249"]
[BlackElo "2453"]
[PlyCount "82"]
[EventDate "2015.07.13"]
[EventType "swiss"]
[EventRounds "9"]
[EventCountry "ESP"]
[SourceTitle "Ajedrez en Madrid"]
[Source "lmi"]
[SourceDate "2013.07.13"]
[SourceVersion "1"]
[SourceVersionDate "2019.06.24"]
[SourceQuality "1"]

1. e4 c6 2. c4 d5 3. exd5 cxd5 4. cxd5 Nf6 5. Nc3 Nxd5 6. Nf3 Nc6 7. d4 g6 8.
Qb3 e6 9. Bg5 Be7 10. Bh6 Bf8 11. Bxf8 Kxf8 12. Bb5 Nce7 13. O-O Kg7 14. Rac1
Nxc3 15. Rxc3 Nd5 16. Rc2 Bd7 17. Bc4 Nb6 18. Ne5 Ba4 19. Qf3 Rf8 20. b3 Qxd4
21. Re1 Bc6 22. Nxc6 bxc6 23. Rd1 Qe5 24. Qxc6 Rfd8 25. Rdc1 Rac8 26. Qf3 Rc7
27. Qe2 Qd4 28. g3 Rc5 29. Ba6 Re5 30. Qf3 h5 31. a4 Rf5 32. Qe2 Nd5 33. Rc4
Qf6 34. h4 Rf3 35. b4 Nc3 36. Qc2 Rdd3 37. Bb7 Nd5 38. Bxd5 exd5 39. Rc6 Rxg3+
40. Kf1 Qf3 41. Re1 Qg2+ 0-1

[Event "17. Obert Int. Sant Marti 2015"]
[Site "Barcelona ESP"]
[Date "2015.07.14"]
[Round "2.21"]
[White "Larsson, Anders"]
[Black "Petrosyan, Tigran S."]
[Result "0-1"]
[WhiteElo "2242"]
[BlackElo "2441"]
[PlyCount "85"]
[EventDate "2015.07.13"]
[EventType "swiss"]
[EventRounds "9"]
[EventCountry "ESP"]
[SourceTitle "Ajedrez en Madrid"]
[Source "lmi"]
[SourceDate "2013.07.13"]
[SourceVersion "1"]
[SourceVersionDate "2019.06.24"]
[SourceQuality "1"]

1. d4 Nf6 2. Nf3 e6 3. Bg5 h6 4. Bxf6 Qxf6 5. e4 d6 6. Nc3 g6 7. Qd2 Bg7 8.
O-O-O Qe7 9. Kb1 a6 10. h4 Nd7 11. Bd3 b5 12. e5 Bb7 13. exd6 cxd6 14. Be4 Nb6
15. Bxb7 Qxb7 16. Qf4 d5 17. Rhe1 O-O 18. Ne5 Rac8 19. Ne2 b4 20. Nc1 Nc4 21.
h5 g5 22. Qg3 Nxe5 23. dxe5 Rc4 24. Nb3 Qb6 25. Qe3 Qxe3 26. Rxe3 Rh4 27. Nc5
a5 28. a3 Rxh5 29. axb4 axb4 30. Nd3 Rb8 31. b3 Rh2 32. g3 Bf8 33. f4 Rc8 34.
Rc1 g4 35. f5 exf5 36. Nf4 d4 37. Rd3 Bc5 38. e6 Re8 39. exf7+ Kxf7 40. Rf1 Re4
41. Kb2 Bd6 42. Nd5 Ke6 43. Nb6 0-1

[Event "17. Obert Int. Sant Marti 2015"]
[Site "Barcelona ESP"]
[Date "2015.07.14"]
[Round "2.22"]
[White "Gonzalez Perez, Arian"]
[Black "Olivares Canelles, Francisco"]
[Result "0-1"]
[WhiteElo "2440"]
[BlackElo "2270"]
[PlyCount "88"]
[EventDate "2015.07.13"]
[EventType "swiss"]
[EventRounds "9"]
[EventCountry "ESP"]
[SourceTitle "Ajedrez en Madrid"]
[Source "lmi"]
[SourceDate "2013.07.13"]
[SourceVersion "1"]
[SourceVersionDate "2019.06.24"]
[SourceQuality "1"]

1. e4 c6 2. d4 d5 3. Nc3 dxe4 4. Nxe4 Bf5 5. Ng3 Bg6 6. h4 h6 7. Nf3 Nd7 8. h5
Bh7 9. Bd3 Bxd3 10. Qxd3 e6 11. Bd2 Ngf6 12. O-O-O Be7 13. Ne4 Nxe4 14. Qxe4
Nf6 15. Qd3 c5 16. Ne5 O-O 17. dxc5 Qc7 18. f4 Qxc5 19. Qb3 a5 20. a3 a4 21.
Qf3 Rac8 22. Bc3 Rc7 23. Rd3 Nd5 24. Rhd1 Nxf4 25. Rd7 Nd5 26. Rd3 Bf6 27. Rxc7
Qxc7 28. Ng4 Bxc3 29. bxc3 Rc8 30. Kd2 Nf4 31. Rd4 Nd5 32. c4 Nb6 33. Ne3 Qc5
34. Rg4 Nd7 35. Qxb7 Nf6 36. Rh4 Rd8+ 37. Ke2 Qxa3 38. Qb6 Qe7 39. Qa5 a3 40.
Rh1 Ne4 41. Rd1 Rc8 42. Qe5 Qb7 43. Qa5 a2 44. Ra1 Qb2 0-1

[Event "17. Obert Int. Sant Marti 2015"]
[Site "Barcelona ESP"]
[Date "2015.07.14"]
[Round "2.23"]
[White "Froewis, Georg"]
[Black "Matt, Fabian"]
[Result "1/2-1/2"]
[WhiteElo "2434"]
[BlackElo "2258"]
[PlyCount "91"]
[EventDate "2015.07.13"]
[EventType "swiss"]
[EventRounds "9"]
[EventCountry "ESP"]
[SourceTitle "Ajedrez en Madrid"]
[Source "lmi"]
[SourceDate "2013.07.13"]
[SourceVersion "1"]
[SourceVersionDate "2019.06.24"]
[SourceQuality "1"]

1. b3 e5 2. Bb2 Nc6 3. e3 Nf6 4. Bb5 d6 5. d4 Bd7 6. Nf3 exd4 7. Nxd4 Nxd4 8.
Bxd7+ Qxd7 9. Qxd4 Qg4 10. Qxg4 Nxg4 11. Ke2 O-O-O 12. Nd2 f6 13. f3 Nh6 14. c4
d5 15. Rhd1 Bb4 16. cxd5 Rxd5 17. a3 Bxd2 18. Rxd2 Rhd8 19. Rad1 Rxd2+ 20. Rxd2
Rxd2+ 21. Kxd2 Kd7 22. e4 Ke6 23. Ke3 c5 24. g4 g6 25. a4 Nf7 26. f4 f5 27.
exf5+ gxf5 28. g5 Nd6 29. h4 b6 30. h5 Kf7 31. Be5 Ne4 32. Bc7 Nc3 33. Kd3 Nd5
34. Bb8 a6 35. Kc4 Ne3+ 36. Kd3 Nd5 37. Be5 b5 38. Bd6 Ke6 39. Be5 Kf7 40. h6
Kg6 41. Bd6 Kf7 42. Be5 Kg6 43. Bb8 Kf7 44. Bd6 Kg6 45. Be5 Kf7 46. Bd6 1/2-1/2

[Event "17. Obert Int. Sant Marti 2015"]
[Site "Barcelona ESP"]
[Date "2015.07.14"]
[Round "2.24"]
[White "Stoeri, Simon"]
[Black "Sundararajan, Kidambi"]
[Result "0-1"]
[WhiteElo "2229"]
[BlackElo "2433"]
[PlyCount "110"]
[EventDate "2015.07.13"]
[EventType "swiss"]
[EventRounds "9"]
[EventCountry "ESP"]
[SourceTitle "Ajedrez en Madrid"]
[Source "lmi"]
[SourceDate "2013.07.13"]
[SourceVersion "1"]
[SourceVersionDate "2019.06.24"]
[SourceQuality "1"]

1. e4 e6 2. d4 d5 3. Nd2 a6 4. Bd3 c5 5. c3 cxd4 6. cxd4 dxe4 7. Nxe4 Bb4+ 8.
Nc3 Nf6 9. Nf3 O-O 10. O-O h6 11. Bc2 Bd6 12. a3 Nbd7 13. Qd3 Re8 14. Nd2 Qc7
15. h3 b6 16. Nc4 Bb7 17. Nxd6 Qxd6 18. Rd1 Rad8 19. Be3 b5 20. Rac1 Nb6 21.
Bb3 Rc8 22. a4 b4 23. Ne2 Bd5 24. Bf4 Qd7 25. a5 Bxb3 26. Qxb3 Nbd5 27. Qd3 Qb7
28. Be5 Nd7 29. Ng3 Nxe5 30. dxe5 Nf4 31. Qf1 Rxc1 32. Rxc1 Qd5 33. Rc4 Nd3 34.
Re4 Rc8 35. Kh2 Rc1 36. Qe2 Re1 37. Qf3 Rxe4 38. Qxe4 Qxe4 39. Nxe4 Nxb2 40.
Nc5 Nc4 41. Nb3 Nxe5 42. Kg3 Kf8 43. Kf4 Nc6 44. Ke4 Ke7 45. Nc5 Nxa5 46. Nxa6
Nc6 47. Nc5 Kd6 48. Nb3 f5+ 49. Kd3 Kd5 50. f3 e5 51. h4 Nd4 52. Nd2 h5 53. Ke3
Ne6 54. g3 Nd4 55. Kd3 Nxf3 0-1

[Event "17. Obert Int. Sant Marti 2015"]
[Site "Barcelona ESP"]
[Date "2015.07.14"]
[Round "2.25"]
[White "Munoz Pantoja, Miguel"]
[Black "Ivana Maria, Furtado"]
[Result "1/2-1/2"]
[WhiteElo "2430"]
[BlackElo "2236"]
[PlyCount "77"]
[EventDate "2015.07.13"]
[EventType "swiss"]
[EventRounds "9"]
[EventCountry "ESP"]
[SourceTitle "Ajedrez en Madrid"]
[Source "lmi"]
[SourceDate "2013.07.13"]
[SourceVersion "1"]
[SourceVersionDate "2019.06.24"]
[SourceQuality "1"]

1. e4 d5 2. exd5 Qxd5 3. d4 Nc6 4. Nf3 Bg4 5. Be2 O-O-O 6. Be3 e5 7. c4 Qa5+ 8.
Bd2 Bb4 9. d5 Bxf3 10. Bxf3 Nd4 11. Nc3 Qa6 12. Be2 c6 13. dxc6 Qxc6 14. O-O
Nf6 15. Nb5 Qe4 16. Bd3 Qxd3 17. Bxb4 Nxb5 18. Qxd3 Rxd3 19. cxb5 Rhd8 20.
Rac1+ Kd7 21. Bc3 Ke6 22. Rce1 R8d5 23. a4 Nd7 24. f4 f6 25. fxe5 fxe5 26. Re4
Rd1 27. h3 Rxf1+ 28. Kxf1 Kf5 29. Rh4 h6 30. Ke2 Nc5 31. Rc4 Ne6 32. g3 g5 33.
b4 e4 34. g4+ Kf4 35. Bd2+ Ke5 36. Bc3+ Kf4 37. Bd2+ Ke5 38. Bc3+ Kf4 39. Bd2+
1/2-1/2

[Event "17. Obert Int. Sant Marti 2015"]
[Site "Barcelona ESP"]
[Date "2015.07.14"]
[Round "2.26"]
[White "Chirivi C, Jenny Astrid"]
[Black "Vassallo Barroche, Mauricio"]
[Result "0-1"]
[WhiteElo "2218"]
[BlackElo "2430"]
[PlyCount "64"]
[EventDate "2015.07.13"]
[EventType "swiss"]
[EventRounds "9"]
[EventCountry "ESP"]
[SourceTitle "Ajedrez en Madrid"]
[Source "lmi"]
[SourceDate "2013.07.13"]
[SourceVersion "1"]
[SourceVersionDate "2019.06.24"]
[SourceQuality "1"]

1. d4 d6 2. c4 e5 3. Nf3 Nd7 4. Nc3 Ngf6 5. e4 g6 6. Be2 Bg7 7. O-O O-O 8. d5
Nc5 9. Qc2 a5 10. Ne1 b6 11. b3 Bd7 12. Bd2 Qe7 13. Rd1 Ne8 14. Nd3 f5 15. Nxc5
dxc5 16. f4 Nd6 17. Bd3 Rae8 18. Rde1 Qh4 19. g3 Qh3 20. exf5 Nxf5 21. Bxf5
Bxf5 22. Qc1 exf4 23. Rxf4 Bd4+ 24. Be3 g5 25. Rf2 Be5 26. Qd2 h6 27. Nb5 Be4
28. Bxc5 Bxg3 29. Bxf8 Bf4 30. Rxf4 gxf4 31. Rxe4 Rxe4 32. Ba3 f3 0-1

[Event "17. Obert Int. Sant Marti 2015"]
[Site "Barcelona ESP"]
[Date "2015.07.14"]
[Round "2.27"]
[White "Stella, Andrea"]
[Black "Minko, Vladimir"]
[Result "0-1"]
[WhiteElo "2427"]
[BlackElo "2226"]
[PlyCount "114"]
[EventDate "2015.07.13"]
[EventType "swiss"]
[EventRounds "9"]
[EventCountry "ESP"]
[SourceTitle "Ajedrez en Madrid"]
[Source "lmi"]
[SourceDate "2013.07.13"]
[SourceVersion "1"]
[SourceVersionDate "2019.06.24"]
[SourceQuality "1"]

1. c4 c5 2. Nf3 Nc6 3. d4 cxd4 4. Nxd4 Nf6 5. Nc3 Qb6 6. e3 g6 7. Be2 Bg7 8.
O-O O-O 9. b3 Rd8 10. Nc2 d5 11. cxd5 Qa5 12. b4 Nxb4 13. Nxb4 Qxb4 14. Bd2 Qh4
15. Bf3 Bg4 16. e4 Rac8 17. h3 Bxf3 18. Qxf3 Rc4 19. Rfe1 Nd7 20. Rac1 Rdc8 21.
Nb5 a6 22. Na3 Rxc1 23. Rxc1 Rxc1+ 24. Bxc1 Bd4 25. Be3 Ne5 26. Qf4 Qxf4 27.
Bxf4 Nd3 28. Bg3 Nb4 29. Nc4 Nxa2 30. e5 Nc3 31. d6 exd6 32. exd6 Ne2+ 33. Kh2
Nxg3 34. d7 Bf6 35. Kxg3 Bd8 36. Nd6 Kf8 37. Nxb7 Ke7 38. Kf4 a5 39. Ke4 Kxd7
40. Kd5 Bb6 41. Nd6 a4 42. Nc4 Bxf2 43. Ne5+ Ke7 44. Kc4 Be1 45. Nd3 Bd2 46.
Nc5 a3 47. Kb3 Bf4 48. Ne4 Bd6 49. Ng5 f6 50. Ne4 f5 51. Ng5 h6 52. Nf3 g5 53.
Nd4 Kf6 54. g4 f4 55. Nb5 Ke5 56. Nc3 f3 57. Kc4 f2 0-1

[Event "17. Obert Int. Sant Marti 2015"]
[Site "Barcelona ESP"]
[Date "2015.07.14"]
[Round "2.28"]
[White "Gagare, Shardul"]
[Black "Sanchez Sandoval, Gonzalo"]
[Result "1-0"]
[WhiteElo "2425"]
[BlackElo "2205"]
[PlyCount "65"]
[EventDate "2015.07.13"]
[EventType "swiss"]
[EventRounds "9"]
[EventCountry "ESP"]
[SourceTitle "Ajedrez en Madrid"]
[Source "lmi"]
[SourceDate "2013.07.13"]
[SourceVersion "1"]
[SourceVersionDate "2019.06.24"]
[SourceQuality "1"]

1. d4 Nf6 2. c4 e6 3. Nf3 Bb4+ 4. Nbd2 d6 5. Qa4+ Nc6 6. a3 Bxd2+ 7. Bxd2 O-O
8. Qc2 Re8 9. e3 e5 10. d5 Ne7 11. e4 Bg4 12. Be2 Ng6 13. g3 Qc8 14. Bg5 Bh3
15. Bxf6 gxf6 16. O-O-O f5 17. Ng5 fxe4 18. Qxe4 Bf5 19. Qf3 e4 20. Qh5 Ne5 21.
Rd4 Bg6 22. Qh6 Qf5 23. Rf1 Nd3+ 24. Kd2 Qe5 25. Ke3 c5 26. dxc6 bxc6 27. Bh5
Re7 28. Bxg6 fxg6 29. Rxe4 Qc5+ 30. Kxd3 Rb7 31. Rfe1 Rb3+ 32. Kc2 Qxf2+ 33.
R1e2 1-0

[Event "17. Obert Int. Sant Marti 2015"]
[Site "Barcelona ESP"]
[Date "2015.07.14"]
[Round "2.29"]
[White "Castrillon Gomez, Melissa"]
[Black "Codenotti, Marco"]
[Result "1/2-1/2"]
[WhiteElo "2199"]
[BlackElo "2421"]
[PlyCount "100"]
[EventDate "2015.07.13"]
[EventType "swiss"]
[EventRounds "9"]
[EventCountry "ESP"]
[SourceTitle "Ajedrez en Madrid"]
[Source "lmi"]
[SourceDate "2013.07.13"]
[SourceVersion "1"]
[SourceVersionDate "2019.06.24"]
[SourceQuality "1"]

1. e4 e5 2. Nf3 Nc6 3. Bb5 a6 4. Ba4 Nf6 5. O-O b5 6. Bb3 Bc5 7. c3 d6 8. h3
O-O 9. d3 h6 10. Be3 Bxe3 11. fxe3 d5 12. exd5 Nxd5 13. Qe2 Be6 14. Nbd2 Qe7
15. d4 Nb6 16. e4 exd4 17. cxd4 Rad8 18. Qf2 Bxb3 19. Nxb3 Qxe4 20. Nc5 Qg6 21.
Nxa6 Nd5 22. Nc5 Nf4 23. Kh1 Nxd4 24. Nh4 Qc6 25. Qxf4 Qxc5 26. Rac1 Qh5 27.
Nf5 Nxf5 28. Qxf5 Qxf5 29. Rxf5 Rd2 30. Rxb5 Re8 31. Rg1 Ree2 32. Rb8+ Kh7 33.
Rc8 Rxb2 34. Rxc7 f5 35. a4 Ra2 36. Rc4 Rf2 37. Kh2 f4 38. h4 Ra3 39. Rgc1 Rg3
40. Rg1 g5 41. h5 g4 42. Rc7+ Kg8 43. Rd1 Rgxg2+ 44. Kh1 Rd2 45. Rxd2 Rxd2 46.
Rc4 Rf2 47. a5 Kf7 48. a6 Ra2 49. Rxf4+ Ke7 50. Rxg4 Rxa6 1/2-1/2

[Event "17. Obert Int. Sant Marti 2015"]
[Site "Barcelona ESP"]
[Date "2015.07.14"]
[Round "2.30"]
[White "Kantsler, Boris"]
[Black "Shashikant, Kutwal"]
[Result "1-0"]
[WhiteElo "2415"]
[BlackElo "2202"]
[PlyCount "97"]
[EventDate "2015.07.13"]
[EventType "swiss"]
[EventRounds "9"]
[EventCountry "ESP"]
[SourceTitle "Ajedrez en Madrid"]
[Source "lmi"]
[SourceDate "2013.07.13"]
[SourceVersion "1"]
[SourceVersionDate "2019.06.24"]
[SourceQuality "1"]

1. b3 e5 2. Bb2 Nc6 3. e3 Nf6 4. c4 g6 5. Nf3 d6 6. g3 Bg7 7. Bg2 O-O 8. O-O
Bg4 9. h3 Bf5 10. d3 Qc8 11. g4 Bd7 12. Nc3 h5 13. g5 Nh7 14. Kh2 Qd8 15. Rg1
e4 16. dxe4 Nxg5 17. Nxg5 Qxg5 18. f4 Qh4 19. Qd2 Ne5 20. Rgf1 Ng4+ 21. Kg1 Nf6
22. e5 dxe5 23. fxe5 Nh7 24. Rf4 Qe7 25. Nd5 Qd8 26. Rd1 Bc6 27. Ba3 Bxe5 28.
Ne7+ Kg7 29. Nxc6 Qxd2 30. Rxd2 Bxf4 31. exf4 bxc6 32. Bxf8+ Nxf8 33. Bxc6 Rb8
34. Kf2 Rb6 35. Be4 Re6 36. Bd5 Rd6 37. c5 Rd8 38. Ke3 Kf6 39. b4 Ne6 40. a4
Ng7 41. Be4 Rxd2 42. Kxd2 h4 43. Ke3 Ne6 44. a5 g5 45. f5 Nf4 46. b5 Ke5 47. b6
cxb6 48. cxb6 axb6 49. a6 1-0